Vườn trò chơi tiếng Anh : Chơi trò chơi học tiếng anh

में बचाया:
ग्रंथसूची विवरण
मुख्य लेखक: Xuân Huy
स्वरूप: पुस्तक
भाषा:Undetermined
प्रकाशित: Thành phố Hồ Chí Minh Thanh Niên 2004
विषय:
टैग : टैग जोड़ें
कोई टैग नहीं, इस रिकॉर्ड को टैग करने वाले पहले व्यक्ति बनें!
Thư viện lưu trữ: Trung tâm Học liệu Trường Đại học Cần Thơ
LEADER 00625nam a2200217Ia 4500
001 CTU_92968
008 210402s9999 xx 000 0 und d
020 |c 30000 
082 |a 428.24 
082 |b X502 
100 |a Xuân Huy 
245 0 |a Vườn trò chơi tiếng Anh : 
245 0 |b Chơi trò chơi học tiếng anh 
245 0 |c Xuân Huy 
260 |a Thành phố Hồ Chí Minh 
260 |b Thanh Niên 
260 |c 2004 
650 |a English language 
904 |i Mai Loan, QHieu 
910 |a Sửa Cutter thành X502 
980 |a Trung tâm Học liệu Trường Đại học Cần Thơ